Sports Quiz

Random Sports or Football Quiz

Germany National Football Team 2015 Quiz Stats

 Plays Quiz not verified by Sporcle

Challenge
Share
Tweet
Embed
Score 0/35 Timer 10:00
0 Plays Today
Name % Correct
Manuel Neuer
98.5%
Jerome Boateng
93.9%
Bastian Schweinsteiger
92.4%
Mesut Özil
92.4%
Mats Hummels
89.4%
Mario Götze
87.9%
Marco Reus
87.9%
Sami Khedira
86.4%
Toni Kroos
86.4%
Thomas Müller
86.4%
Lukas Podolski
83.3%
Marc-Andre ter Stegen
78.8%
Julian Draxler
77.3%
Mario Gomez
77.3%
Roman Weidenfeller
71.2%
Shkodran Mustafi
71.2%
Jonas Hector
71.2%
Benedikt Höwedes
68.2%
Name % Correct
Bernd Leno
66.7%
Andre Schürrle
66.7%
Ron-Robert Zieler
57.6%
İlkay Gündoğan
56.1%
Christoph Kramer
51.5%
Kevin Trapp
48.5%
Leroy Sane
48.5%
Matthias Ginter
45.5%
Antonio Rüdiger
45.5%
Holger Badstuber
45.5%
Emre Can
45.5%
Erik Durm
43.9%
Sebastian Rudy
37.9%
Karim Bellarabi
37.7%
Kevin Volland
36.4%
Max Kruse
31.8%
Patrick Hermann
18.2%

You're not logged in!

Compare scores with friends on all Sporcle quizzes.
Join for Free
OR
Log In

You Might Also Like...

Show Comments

Extras

Top Quizzes Today


Score Distribution

Your Account Isn't Verified!

In order to create a playlist on Sporcle, you need to verify the email address you used during registration. Go to your Sporcle Settings to finish the process.

Report this User

Report this user for behavior that violates our Community Guidelines.

Details: